L' attention et l' interpretation : une approache scientifique de la comprehension intuitive en psychanalyse et dans les groups
Αποθηκεύτηκε σε:
| Κύριος συγγραφέας: | |
|---|---|
| Άλλοι συγγραφείς: | |
| Μορφή: | Βιβλίο |
| Γλώσσα: | French |
| Δημοσίευση: |
Paris :
Edition Payot,
1974.
|
| Ετικέτες: |
Προσθήκη ετικέτας
Δεν υπάρχουν, Καταχωρήστε ετικέτα πρώτοι!
|
MARC
| LEADER | 00000nam a2200000 i 4500 | ||
|---|---|---|---|
| 001 | 1/48449 | ||
| 008 | 980126s1974 fre d | ||
| 020 | |a 2228883050 | ||
| 035 | |l 10026672 | ||
| 040 | |a GR-MY-UA |b gre |e aacr | ||
| 041 | 0 | |a fre | |
| 082 | 7 | |a 150.195 | |
| 100 | 1 | |a Bion, Wilfred R. |q (Wilfred Ruprecht) |d 1897-1979. | |
| 245 | 1 | 3 | |a L' attention et l' interpretation : |b une approache scientifique de la comprehension intuitive en psychanalyse et dans les groups / |c Wilfred R. Bion ; Traduction : Jeannine Kalmanovitch |
| 260 | |a Paris : |b Edition Payot, |c 1974. | ||
| 300 | |a 216 σ. | ||
| 700 | 1 | |a Kalmanovitch, Jeannine. |4 trl | |
| 852 | |a INST |b CHIOS |e 19980126 |h 150.195 BIO |p 005200010035 |q 005200010035 |t BK |y 4 |x 20120515 | ||
| 901 | |a BIBL-1997-3 | ||
| 909 | |a Χ |b 052585 | ||